[Event "Minsk Bronstein Memorial op"]
[Site "Minsk"]
[Date "2024.07.14"]
[Round "3"]
[White "Hryharovich, Aliaksei"]
[Black "Schevelev, Alexander"]
[Result "1-0"]
[WhiteElo "2187"]
[BlackElo "1921"]
[PlyCount "35"]
[EventDate "2024.07.12"]
[EventType "swiss"]
[EventRounds "10"]
[EventCountry "BLR"]
[SourceTitle "EXT 2025"]
[Source "ChessBase"]
[SourceDate "2024.10.14"]
[SourceVersion "1"]
[SourceVersionDate "2024.10.14"]
[SourceQuality "1"]

1. d4 Nf6 2. c4 d6 3. Nf3 g6 4. Nc3 Bf5 5. g3 Bg7 6. Qb3 Qc8 7. Bg2 Ne4 8. Nh4 Nxc3 9. Bxb7 Bc2 10. Bxc8 Bxb3 11. axb3 Nc6 12. Bb7 Nxd4 13. Bxa8 Nc2+ 14. Kd2 Nxa1 15. Bc6+ Kf8 16. bxc3 Nxb3+ 17. Kc2 Na5 18. Bb5 1-0